00989nam a22002657a 45000010005000000030006000050050017000110080041000280200015000690400029000840500016001130820011001291000028001402450055001682600040002233000037002635050007003005200171003075210027004785210018005056500031005239420015005549990015005699520139005849355FISKH20251211151246.0251211b cb ||||| |||| 00| 0 eng d a0439334896 aFISKHbengcFISKHdFISKH aQL122 .M365 a591.77 aMarkle, Sandra eAuthor aSea babies :bReally wild animals /cSandra Markle aNew York :bScholastic Inc. ,c2002 a30 pages :bphotographs ;c25 cm aL  aDescribes animals who are born and grow up in the ocean, including a baby octopus who hatches from an egg and a baby elephant seal who hides in kelp to escape sharks.8 a550 bLexile estimate 8 aL bRaz-Plus  aBabies of the seavScience 2ddccBKn0 c9355d9355 00102ddc40708NFICa002b002cTTP Yellow d2025-12-11l0oMAR 591.77 QL122 .M365p2025-5116r2025-12-11 15:12:43t1w2025-12-11yBK